000 00855nam a2200229Ia 4500
003 GCL
005 20240530095313.0
008 140319s9999 xx 000 0 ara d
020 _a4127617977
040 _aGCL /
_cGCL
082 0 4 _a932.022
_bق/ح ت
100 1 _aحسن الابيارى
245 1 0 _aتاريخ مصر الاجتماعى والاقتصادى فى عصر الرومان /
_cحسن الابيارى
260 _aالقاهرة :
_bدار النشر ،
_c2004
300 _a304 ص ؛
_c24 سم
650 0 4 _aالامبراطورية الرومانية
650 0 4 _aمصر القديمة - تاريخ - العصر الرومانى
650 0 4 _aمصر القديمة - الاحوال الاجتماعية
650 0 4 _aمصر القديمة - الاحوال السياسية
700 1 _aحسين يوسف
942 _2ddc
_cBK
999 _c5975
_d5975